Groups of Things - History #3 - Statistics

General Stats
  • This quiz has been taken 2,637 times
    2,607 since last reset
  • The average score is 17 of 48
Answer Stats
Quaternary Periods % Correct
London
84%
Plato
82%
New York City
80%
Aristotle
79%
Paris
79%
Socrates
78%
Beijing
63%
Los Angeles
63%
Chicago
60%
Jurassic
60%
Boston
58%
Constantinople
55%
Edo
51%
Frank Sinatra
51%
Xerxes
50%
Mao Zedong
43%
Philadelphia
42%
Triassic
42%
Darius
41%
Dean Martin
35%
Sammy Davis Jr.
35%
Detroit
32%
Argentina
31%
Brazil
30%
Chile
30%
Cretaceous
30%
Bolivia
28%
Cyrus
28%
Paraguay
28%
Uruguay
27%
Chiang Kai-shek
23%
Mohawk
19%
Naples
19%
Prague
17%
Frankfurt
15%
Aachen
11%
Kyoto
11%
Peter Lawford
11%
Osaka
10%
Joey Bishop
9%
Seneca
9%
Guangzhou
8%
Oneida
6%
Cayuga
4%
Onondaga
4%
Hangzhou
2%
Regensburg
2%
Tuscarora
2%
No matching quizzes found
Score Distribution
Percent of People with Each Score
Percentile by Number Answered
Your Score History
You have not taken this quiz since the last reset